|
|
|
|
| LEADER |
00977cam a2200265 7i4500 |
| 001 |
0000071449 |
| 005 |
20220923090000.0 |
| 020 |
|
|
|a 9781292315201 (electronic book)
|
| 090 |
0 |
0 |
|a HF1017
|b .N49 2020
|
| 100 |
1 |
|
|a Newbold, Paul
|
| 245 |
1 |
0 |
|a Statistics for business and economics
|c Paul Newbold, William L. Carlson and Betty M. Thorne.
|
| 250 |
|
|
|a Ninth edition (Global edition).
|
| 264 |
|
|
|a Harlow, United Kingdom:
|b Pearson Education Limited,
|c 2020.
|
| 300 |
|
|
|a 1 online resource (796 pages):
|b text file, PDF.
|
| 336 |
|
|
|a text
|2 rdacontent
|
| 337 |
|
|
|a computer
|2 rdamedia
|
| 338 |
|
|
|a online resource
|2 rdacarrier
|
| 650 |
|
0 |
|a Economics --
|x Statistical methods
|
| 650 |
|
0 |
|a Commercial statistics
|
| 655 |
|
0 |
|a Electronic books
|
| 700 |
1 |
|
|a Carlson, William L.
|
| 700 |
1 |
|
|a Thorne, Betty M.
|
| 856 |
4 |
2 |
|u http://library.unisel.edu.my/web/guest/mylibrary
|
| 997 |
|
|
|a Business & Accountancy, Faculty
|
| 999 |
|
|
|a EBO0014379
|b EBOOK
|c EBOOK
|e Electronic resources
|